The regional dimension of transformation in Central Europe

Αποθηκεύτηκε σε:
Λεπτομέρειες βιβλιογραφικής εγγραφής
Κύριος συγγραφέας: Gorzelak, Grzegorz
Μορφή: Βιβλίο
Γλώσσα:English
Δημοσίευση: London : Jessica Kingsley Publishers, c1996
Σειρά:Regional policy and development series ; ; 10
Θέματα:
Ετικέτες: Προσθήκη ετικέτας
Δεν υπάρχουν, Καταχωρήστε ετικέτα πρώτοι!

MARC

LEADER 00000nam a2200000 i 4500
001 1/84848
008 990628s1996 eng d
020 |a 1-85302-301-9 
035 |l 10051703 
040 |a GR-MY-UA  |b gre  |e aacr 
041 0 |a eng 
082 0 |a 338.947 
100 1 |a Gorzelak, Grzegorz. 
245 1 4 |a The regional dimension of transformation in Central Europe /  |c Grzegorz Gorzelak 
260 |a London :   |b Jessica Kingsley Publishers,   |c c1996 
300 |a 152 p.  |b tabl.; fig. 
490 1 |a Regional policy and development series  |v ; 10 
504 |a Includes bibliographical references and index 
650 0 0 |a Regional planning  |z Europe, Central. 
650 0 0 |a Regional planning  |z Poland. 
651 0 |a Europe, Central  |x Economic conditions  |x Regional disparities. 
651 0 |a Poland  |x Economic conditions  |y 1990- 
830 0 |a Regional policy and development series ;  |v ; 10 
852 |a INST  |b LESVOS  |e 19990628  |h 338.947 GOR  |p 005100019908  |q 005100019908  |t BK  |y 0 
901 |a BIBL1-1999-2 
909 |a Λ  |b 062442 
922 |a 1ΕΛΗ  |b 199812  |c ΚΠΣ/ΤΓ  |d LEADER 
950 |a 118-1998-10-19 
970 |a ΜΟΥΣΤΑΚΑ  |b ΠΗΝΕΛΟΠΗ  |z 1999/07/09